[Event "Brno Duras op-A"]
[Site "Brno"]
[Date "2013.06.25"]
[Round "4"]
[White "Kladnak, Martin"]
[Black "Balazec, Ludovit"]
[Result "0-1"]
[WhiteElo "1619"]
[BlackElo "2004"]
[PlyCount "70"]
[EventDate "2013.06.22"]
[EventType "swiss"]
[EventRounds "9"]
[EventCountry "CZE"]
[SourceTitle "CBM 155 Extra"]
[Source "ChessBase"]
[SourceDate "2013.08.26"]
[SourceVersion "1"]
[SourceVersionDate "2013.08.26"]
[SourceQuality "1"]

1. e4 c5 2. Nc3 d6 3. f4 a6 4. Nf3 Nc6 5. Be2 b5 6. a3 e6 7. 0-0 Bb7 8. d3 Be7 9. Qe1 g6 10. Qg3 Nf6 11. Be3 Nh5 12. Qh3 d5 13. exd5 exd5 14. d4 b4 15. axb4 cxb4 16. Na4 Ng7 17. Ne5 Nf5 18. Bg4 Nxe5 19. fxe5 Nxe3 20. Qxe3 0-0 21. Rf3 Bc8 22. Bxc8 Rxc8 23. c3 Bg5 24. Qe2 bxc3 25. Rxc3 Rc4 26. Nc5 Rxd4 27. Rxa6 Rd2 28. Qf3 Rxb2 29. Rd6 Qa5 30. Rxd5 Rb1+ 31. Kf2 Bh4+ 32. g3 Qa2+ 33. Ke3 Bg5+ 34. Kd3 Rf1 35. Qe4 Rd1# 0-1

[Event "Brno Duras op-A"]
[Site "Brno"]
[Date "2013.06.24"]
[Round "3"]
[White "Kladnak, Martin"]
[Black "Petruska, Miroslav"]
[Result "1-0"]
[WhiteElo "1619"]
[BlackElo "1925"]
[PlyCount "135"]
[EventDate "2013.06.22"]
[EventType "swiss"]
[EventRounds "9"]
[EventCountry "CZE"]
[SourceTitle "CBM 155 Extra"]
[Source "ChessBase"]
[SourceDate "2013.08.26"]
[SourceVersion "1"]
[SourceVersionDate "2013.08.26"]
[SourceQuality "1"]

1. e4 Nf6 2. d3 e5 3. Nf3 Nc6 4. g3 Bc5 5. Bg2 d6 6. 0-0 Bg4 7. h3 Bh5 8. Be3 Bxe3 9. fxe3 g5 10. Qe1 g4 11. Nh2 gxh3 12. Bxh3 Rg8 13. Qf2 Nd7 14. Bg4 Bg6 15. Nc3 h5 16. Bxd7+ Kxd7 17. Nd5 Kc8 18. Nf6 Rh8 19. Kg2 a6 20. Rab1 b6 21. c3 Qe7 22. d4 Kb7 23. Rbd1 Rad8 24. a4 Nb8 25. a5 Nd7 26. Nxd7 Rxd7 27. axb6 cxb6 28. Ra1 Qg5 29. Qf3 Ka7 30. Ra2 Kb7 31. Rfa1 Ra8 32. Kf2 exd4 33. e5+ d5 34. exd4 h4 35. gxh4 Qxh4+ 36. Qg3 Qe4 37. Qg4 Qc2+ 38. Qe2 Qxe2+ 39. Kxe2 Rh8 40. Nf3 Rh3 41. Rxa6 Bh5 42. Ra7+ Kc6 43. Rxd7 Kxd7 44. Rf1 Ke6 45. Ke3 Kf5 46. Rf2 Rg3 47. Rf1 b5 48. Rf2 Bg4 49. Rf1 Bh5 50. Rf2 Bg4 51. Rf1 Bh5 52. Rf2 Bg4 53. Rf1 Bh3 54. Rg1 Rxg1 55. Nxg1 Bg4 56. Nf3 Ke6 57. Kf4 Bh5 58. Nd2 Bg6 59. Nb3 Kd7 60. Nc5+ Ke7 61. Kg5 Bc2 62. Nb7 Bd3 63. Nd6 Kf8 64. Kf6 Be2 65. Nxf7 Ke8 66. Nd6+ Kd7 67. Nf5 Bh5 68. e6+ 1-0

[Event "Kouty nad Desnou op-N"]
[Site "Kouty nad Desnou"]
[Date "2013.03.15"]
[Round "8"]
[White "Kladnak, Martin"]
[Black "Nosek, Jan"]
[Result "1-0"]
[WhiteElo "1687"]
[BlackElo "1702"]
[PlyCount "31"]
[EventDate "2013.03.09"]
[EventType "swiss"]
[EventRounds "9"]
[EventCountry "CZE"]
[SourceTitle "EXT 2015"]
[Source "ChessBase"]
[SourceDate "2014.11.20"]
[SourceVersion "1"]
[SourceVersionDate "2014.11.20"]
[SourceQuality "1"]

1. e4 c5 2. Nc3 Nc6 3. Bb5 d6 4. Bxc6+ bxc6 5. f4 Nf6 6. d3 g6 7. Nf3 Bg7 8. 0-0 0-0 9. Qe1 Rb8 10. Qh4 h6 11. f5 Nh7 12. Bxh6 Rxb2 13. Ng5 Nxg5 14. Qxg5 Bxh6 15. Qxh6 Qe8 16. Rf3 1-0

[Event "Kouty nad Desnou op-N"]
[Site "Kouty nad Desnou"]
[Date "2013.03.12"]
[Round "4"]
[White "Kladnak, Martin"]
[Black "Novy, Josef"]
[Result "1/2-1/2"]
[WhiteElo "1687"]
[BlackElo "1472"]
[PlyCount "65"]
[EventDate "2013.03.09"]
[EventType "swiss"]
[EventRounds "9"]
[EventCountry "CZE"]
[SourceTitle "EXT 2015"]
[Source "ChessBase"]
[SourceDate "2014.11.20"]
[SourceVersion "1"]
[SourceVersionDate "2014.11.20"]
[SourceQuality "1"]

1. e4 c5 2. Nc3 Nc6 3. Bb5 d6 4. Bxc6+ bxc6 5. f4 Nf6 6. d3 Bg4 7. Nf3 e6 8. 0-0 Be7 9. Na4 0-0 10. Qe1 Nd7 11. e5 d5 12. Be3 d4 13. Bc1 Nb6 14. Qa5 Nxa4 15. Qxa4 Qc7 16. Nd2 Rab8 17. b3 Rb4 18. Qa3 c4 19. dxc4 Rxc4 20. Qb2 Rb4 21. c3 dxc3 22. Qxc3 Rd8 23. Nf3 Bxf3 24. Rxf3 Rd1+ 25. Rf1 Rbd4 26. h3 Qb6 27. Be3 Rxf1+ 28. Rxf1 Bc5 29. Kh2 Rd5 30. Bxc5 Rxc5 31. Qd3 Rd5 32. Qc3 Rc5 33. Qd3 1/2-1/2

[Event "Kouty nad Desnou op-N"]
[Site "Kouty nad Desnou"]
[Date "2013.03.11"]
[Round "3"]
[White "Vraj, Ondrej"]
[Black "Kladnak, Martin"]
[Result "0-1"]
[WhiteElo "1511"]
[BlackElo "1687"]
[PlyCount "30"]
[EventDate "2013.03.09"]
[EventType "swiss"]
[EventRounds "9"]
[EventCountry "CZE"]
[SourceTitle "EXT 2015"]
[Source "ChessBase"]
[SourceDate "2014.11.20"]
[SourceVersion "1"]
[SourceVersionDate "2014.11.20"]
[SourceQuality "1"]

1. e4 e5 2. Nf3 Nc6 3. Bc4 Nf6 4. Ng5 Bc5 5. Nxf7 Bxf2+ 6. Kf1 Qe7 7. Nxh8 d5 8. Bxd5 Bg4 9. Kxf2 Bxd1 10. Rxd1 Nd4 11. Na3 Ng4+ 12. Kg1 Qh4 13. h3 Ne2+ 14. Kh1 Nf2+ 15. Kh2 Qg3# 0-1

[Event "Morava-ch U16"]
[Site "Kouty nad Desnou"]
[Date "2012.10.27"]
[Round "7"]
[White "Bocek, Tadeas"]
[Black "Kladnak, Martin"]
[Result "1/2-1/2"]
[WhiteElo "1812"]
[BlackElo "1610"]
[PlyCount "74"]
[EventDate "2012.10.24"]
[EventType "swiss"]
[EventRounds "9"]
[EventCountry "CZE"]
[SourceTitle "EXT 2015"]
[Source "ChessBase"]
[SourceDate "2014.11.20"]
[SourceVersion "1"]
[SourceVersionDate "2014.11.20"]
[SourceQuality "1"]

1. e4 e5 2. Nf3 Nc6 3. d4 exd4 4. Nxd4 d6 5. Bc4 Nf6 6. Nc3 Be7 7. 0-0 0-0 8. Nxc6 bxc6 9. Re1 Bb7 10. Bf4 Re8 11. Qf3 c5 12. Rad1 Rb8 13. Bb3 Qc8 14. Ba4 Rf8 15. Qd3 Ba6 16. Bb5 Bxb5 17. Nxb5 Qb7 18. Nc3 Nh5 19. Bc1 Bf6 20. b3 g6 21. g4 Ng7 22. Nd5 Be5 23. Bg5 Ne6 24. Bf6 Bxf6 25. Nxf6+ Kg7 26. Qc3 Nd4 27. Nd7 Qc8 28. Nxb8 Qxg4+ 29. Kh1 Rxb8 30. Rd3 Kg8 31. f3 Qf4 32. Rf1 Re8 33. Rxd4 cxd4 34. Qxd4 Re5 35. Qxa7 Rc5 36. c4 Qd2 37. a4 Qb2 1/2-1/2

[Event "Morava-ch U16"]
[Site "Kouty nad Desnou"]
[Date "2012.10.27"]
[Round "8"]
[White "Mrkus, Frantisek"]
[Black "Kladnak, Martin"]
[Result "1-0"]
[WhiteElo "1701"]
[BlackElo "1610"]
[PlyCount "57"]
[EventDate "2012.10.24"]
[EventType "swiss"]
[EventRounds "9"]
[EventCountry "CZE"]
[SourceTitle "EXT 2015"]
[Source "ChessBase"]
[SourceDate "2014.11.20"]
[SourceVersion "1"]
[SourceVersionDate "2014.11.20"]
[SourceQuality "1"]

1. e4 e5 2. Nf3 Nc6 3. Bb5 Nge7 4. 0-0 g6 5. c3 Bg7 6. d4 exd4 7. cxd4 d5 8. e5 0-0 9. Bg5 f6 10. exf6 Bxf6 11. Bh6 Bg7 12. Bxg7 Kxg7 13. Nbd2 Qd6 14. Bxc6 Nxc6 15. Re1 Bf5 16. a3 Qf6 17. Nb3 Bg4 18. Re3 Rae8 19. Nc5 Rxe3 20. fxe3 Qe7 21. Kf2 Ne5 22. dxe5 Qxc5 23. Rc1 Qe7 24. Qd4 c6 25. Qxg4 Qxe5 26. Qd4 Qxd4 27. exd4 g5 28. g4 Kg6 29. Kg3 1-0

[Event "Morava-ch U16"]
[Site "Kouty nad Desnou"]
[Date "2012.10.24"]
[Round "1"]
[White "Kladnak, Martin"]
[Black "Dvorak, Adam"]
[Result "0-1"]
[WhiteElo "1610"]
[BlackElo "2030"]
[PlyCount "72"]
[EventDate "2012.10.24"]
[EventType "swiss"]
[EventRounds "9"]
[EventCountry "CZE"]
[SourceTitle "EXT 2015"]
[Source "ChessBase"]
[SourceDate "2014.11.20"]
[SourceVersion "1"]
[SourceVersionDate "2014.11.20"]
[SourceQuality "1"]

1. Nf3 c5 2. g3 b6 3. Bg2 Bb7 4. 0-0 Nf6 5. d3 g6 6. e4 d6 7. Nbd2 Bg7 8. Nb3 0-0 9. Re1 Na6 10. Rb1 Rc8 11. c4 Nc7 12. Qc2 Qd7 13. Be3 Ng4 14. Bf4 e5 15. Be3 f5 16. exf5 gxf5 17. h3 Nxe3 18. fxe3 Ne6 19. Qe2 Rce8 20. Nbd2 f4 21. gxf4 exf4 22. e4 Rf6 23. Nh4 Nd4 24. Qd1 Rh6 25. Ndf3 Ree6 26. Nf5 Nxf5 27. exf5 Ref6 28. d4 cxd4 29. Nxd4 Bxg2 30. Kxg2 Rfg6+ 31. Kf2 Rg3 32. Rg1 Qe7 33. Ne6 Qh4 34. Rxg3 Qxg3+ 35. Ke2 Qe3+ 36. Kf1 Qxh3+ 0-1

[Event "Brno Duras op-A"]
[Site "Brno"]
[Date "2012.06.30"]
[Round "9"]
[White "Glacner, Karel"]
[Black "Kladnak, Martin"]
[Result "0-1"]
[WhiteElo "1636"]
[BlackElo "1573"]
[PlyCount "78"]
[EventDate "2012.06.23"]
[EventType "tourn"]
[EventRounds "9"]
[EventCountry "CZE"]
[SourceTitle "CBM 149 Extra"]
[Source "ChessBase"]
[SourceDate "2012.08.24"]
[SourceVersion "1"]
[SourceVersionDate "2012.08.24"]
[SourceQuality "1"]

1. Nf3 d5 2. c4 e6 3. b3 Nf6 4. d4 Be7 5. Bg5 h6 6. Bf4 0-0 7. c5 b6 8. Qc2 bxc5 9. dxc5 Nc6 10. g3 Ne4 11. Be3 Bf6 12. Bg2 Bxa1 13. 0-0 Bf6 14. a3 a5 15. Rd1 Qe7 16. Ne1 Bb7 17. f3 Ng5 18. Bf2 Rfe8 19. h4 Nh7 20. Nd2 Bd4 21. Nd3 Bxf2+ 22. Nxf2 Nf6 23. Nf1 e5 24. e3 d4 25. e4 Ba6 26. Nd3 Bxd3 27. Rxd3 Reb8 28. Bh3 Rb5 29. Nd2 Rxc5 30. Nc4 Ne8 31. Qd2 Nd6 32. f4 Nxc4 33. bxc4 Rxc4 34. f5 Rc3 35. Bf1 Qxa3 36. f6 Nb4 37. fxg7 Rxd3 38. Qxh6 Rxg3+ 39. Kh1 Qf3+ 0-1